01299nam a22003377a 4500003000500000005001700005008004100022010001000063011001000073035001000083040000900093090001000102100004800112245016400160260004100324300001000365502010600375590003700481590004100518590004100559590004100600590004200641650002800683650002000711650003200731901000700763942001000770949003600780999001700816952012800833CHAP20220329140138.0971013s1979 r 00010 d a47650 a48622 a52768 cCHAP aTesis00aPérez Mansilla, Martín Salvador.989823 aComparación de rendimiento y evaluación del porciento de aceite del sintético Tecmon-2 y 11 variedades de girasol (Helianthus annuus L.) en Apodaca, N.L. a(Monterrey, N.L.) :bEl autor,c1979 a54 h. aTesis (Ing. Agr. en Producción Agropecuaria) -- ITESM. Div. de Ciencias Agropecuarias y Marítimas aALEPHb10c20130110lUCH01h1318 aBATCH-UPDb10c20130110lUCH01h2215 aBATCH-UPDb10c20130410lUCH01h1516 aBATCH-UPDb10c20130914lUCH01h1543 aCONVERSIONb10c20130109lUCH01h132614aAceite de girasol.943214aGirasol.94812614aGirasolxVariedades.948186 aBK cTESIS bBCcTESd-117349eTS1i52768si c47650d47650 00102local4051708TESISaBCbBCcPA_TESISd2012-12-17fTESISl0oTesisp-117349r2019-12-31 00:00:00w2019-12-31yTESIS